Normal view
MARC view
- Holt, Don Rivers
Entry Personal Name
001 - CONTROL NUMBER
- control field: 75804
003 - CONTROL NUMBER IDENTIFIER
- control field: NUST
005 - DATE AND TIME OF LATEST TRANSACTION
- control field: 20210628205510.0
008 - FIXED-LENGTH DATA ELEMENTS
- fixed length control field: 210628|| aca||aabn | a|a d
040 ## - CATALOGING SOURCE
- Original cataloging agency: NUST
- Transcribing agency: NUST
100 ## - HEADING--PERSONAL NAME
- Personal name: Holt, Don Rivers
670 ## - SOURCE DATA FOUND
- Source citation: Work cat.: (NUST): Holt, Don Rivers, Integrating manufacturing engineering systems, 1992
